| 000 | 02002nab a2200265 i 4500 | ||
|---|---|---|---|
| 003 | BR-BrBNA | ||
| 005 | 20250410082706.0 | ||
| 008 | 250410b2016 bl.qr|pooa||| 00| 0 por | | ||
| 040 |
_aBR-BrBNA _bpor |
||
| 072 | _aF70 | ||
| 100 | _aSimão-Bianchini, Rosangela | ||
| 100 | _aVasconcelos, Liziane Vilela | ||
| 100 | _aPastore, Mayara | ||
| 245 | _aFlora das cangas da Serra dos Carajás, Pará, Brasil: Convolvulaceae | ||
| 500 | _aPublicação on-line; 22 ref.; 5 illus.; Summaries (En, Pt) | ||
| 520 | _a Resumo O presente trabalho trata do estudo taxonômico das Convolvulaceae ocorrentes nas cangas da Serra dos Carajás, Pará, Brasil. Foram reconhecidas 17 espécies e oito gêneros (Aniseia, Cuscuta, Evolvulus, Ipomoea, Jacquemontia, Merremia, Operculina e Turbina). São apresentados chave de identificação, descrições, ilustrações, fotografias e distribuição geográfica das espécies, além de comentários gerais sobre os táxons. Palavras-chave: Amazônia, campo rupestre, FLONA Carajás, taxonomia. Abstract This work approaches the taxonomic study of Convolvulaceae occuring in cangas of the Serra dos Carajás, state of Pará, Brazil. Were recognized 17 species and eight genera (Aniseia, Cuscuta, Evolvulus, Ipomoea, Jacquemontia, Merremia, Operculina, and Turbina). Are presented identification key, descriptions, illustrations, photographs and geographic distribution of species, as well as general comments about the taxa. Key words: Amazon, campo rupestre, FLONA Carajás, taxonomy | ||
| 650 | _aAMAZÔNIA | ||
| 650 | _aCAMPO | ||
| 650 | _aCARAJÁS | ||
| 650 | _aTAXONOMIA | ||
| 773 | 0 |
_0709 _9349694 _dRio de Janeiro-RJ Jardim Botanico do Rio de Janeiro 1935 _o2025-2214 _tRodriguésia (Brazil) _x0370-6583; 2175-7860 on-line _gv. 67(5 special number) p. 1301-1318; (2016) _wBR2025000311 |
|
| 856 | _uhttps://www.scielo.br/j/rod/a/SjXZbJGpZpKThk4mHPWzdYD/?format=pdf&lang=pt | ||
| 942 | _cANA | ||
| 999 |
_c330953 _d330953 |
||